Statystyki dla Wszystkie przystanki tramwajowe lini 20 we Wrocławiu

Kliknij tutaj aby rozwiązać quiz!

Ogólne statystyki

  • Ten quiz został rozwiązany 75 razy
  • Średni wynik to 24 z 40

Statystyki odpowiedzi

NumerPrzystanek% Poprawnych
1 (pętla)Leśnica
96%
40 (pętla)Oporów
88%
18Niedźwiedzia
76%
26Arkady Capitol
75%
16Kwiska
73%
17Małopanewska
73%
11Pilczyce
71%
36FAT
67%
31Hallera
67%
2Jeleniogórska
67%
38Grabiszyńska (Cmentarz)
65%
12Metalowców
65%
29Rondo
65%
19Zachodnia (Stacja Kolejowa)
65%
15DH Astra
63%
25Renoma
63%
13Bajana
59%
20Dolmed
59%
6Kosmonautów Szpital
59%
24 (plac)Orląt Lwowskich
59%
21Śrubowa
59%
35Aleja Pracy
57%
23Dworzec Świebodzki
57%
37Fiołkowa
57%
39Grabiszyńska (Cmentarz II)
57%
14Park Zachodni
57%
28Wielka
57%
8Aleja Architektów
55%
34Ojca Beyzyma
55%
9Glinianki
53%
27Zaolziańska
53%
32Gajowicka
51%
5Kamiennogórska (Ośrodek dla Niewidomych)
49%
33Mielecka
49%
30Sztabowa
49%
3Wschowska
49%
22Smolecka
45%
10Tarczyński Arena (Lotnicza)
45%
7Grabowa
43%
4Złotnicka
43%

Rozkład punktacji

Percentyl według liczby udzielonych odpowiedzi

Procent ludzi z każdym wynikiem

Twoja historia wyników

Nie rozwiązałeś tego quizu